Sprout lands : tending the endless gift of trees / ... Read More
Available copies
- 2 of 2 copies available at LARL/NWRL Consortium.
- 2 of 2 copies available at Lake Agassiz Regional Library. (Show preferred library)
Current holds
0 current holds with 2 total copies.
Show Only Available Copies
| Location | Call Number / Copy Notes | Barcode | Shelving Location | Status | Due Date |
|---|---|---|---|---|---|
| Barnesville Public Library | 582.16 LOG (Text) | 33500013028378 | Main | Available | - |
| Crookston Public Library | 582.16 LOG (Text) | 33500013031364 | Main | Available | - |
Record details
- ISBN: 9780393609417
- ISBN: 0393609413
- Physical Description: xiv, 332 pages : illustrations ; 24 cm
- Edition: First edition.
- Publisher: New York : W.W. Norton & Company, [2019]
Content descriptions
| Bibliography, etc. Note: | Includes bibliographical references and index. |
| Summary, etc.: | "Once, farmers knew how to make a living hedge and ... Read More |
Search for related items by subject
| Subject: | Trees. Human-plant relationships. Human-plant relationships. Trees. |
| LDR | 02136cam a22003738i 4500 | ||
|---|---|---|---|
| 001 | 310347 | ||
| 003 | LARL_NWRL_CONSORTIUM | ||
| 005 | 20190325193222.0 | ||
| 008 | 181221s2019 nyu b 001 0 eng | ||
| 010 | . | ‡a 2018055376 | |
| 040 | . | ‡aDLC ‡beng ‡erda ‡cDLC ‡dOCLCO ‡dOCLCF ‡dMLY ‡dJNE | |
| 020 | . | ‡a9780393609417 ‡q(hardcover) | |
| 020 | . | ‡a0393609413 ‡q(hardcover) | |
| 035 | . | ‡a(OCoLC)1080554781 | |
| 042 | . | ‡apcc | |
| 082 | 0 | 0. | ‡a582.16 ‡223 |
| 100 | 1 | . | ‡aLogan, William Bryant, ‡eauthor. |
| 245 | 1 | 0. | ‡aSprout lands : ‡btending the endless gift of trees / ‡cWilliam Bryant Logan. |
| 250 | . | ‡aFirst edition. | |
| 264 | 1. | ‡aNew York : ‡bW.W. Norton & Company, ‡c[2019] | |
| 300 | . | ‡axiv, 332 pages : ‡billustrations ; ‡c24 cm | |
| 336 | . | ‡atext ‡btxt ‡2rdacontent | |
| 337 | . | ‡aunmediated ‡bn ‡2rdamedia | |
| 338 | . | ‡avolume ‡bnc ‡2rdacarrier | |
| 504 | . | ‡aIncludes bibliographical references and index. | |
| 520 | . | ‡a"Once, farmers knew how to make a living hedge and fed their flocks on tree-branch hay. Rural people knew how to prune hazel to foster abundance: both of edible nuts, and of straight, strong, flexible rods for bridges, walls, and baskets. Townspeople cut their beeches to make charcoal to fuel ironworks. Shipwrights shaped oaks to make hulls. No place could prosper without its inhabitants knowing how to cut their trees so they would sprout again. Pruning the trees didn’t destroy them. Rather, it created the healthiest, most sustainable and most diverse woodlands that we have ever known. In this journey from the English fens to Spain, Japan, and California, William Bryant Logan rediscovers what was once an everyday ecology. He offers us both practical knowledge about how to live with trees to mutual benefit and hope that humans may again learn what the persistence and generosity of trees can teach." --amazon.com. | |
| 650 | 0. | ‡aTrees. ‡0(LARL_NWRL_CONSORTIUM)33001 | |
| 650 | 0. | ‡aHuman-plant relationships. ‡0(LARL_NWRL_CONSORTIUM)39657 | |
| 650 | 7. | ‡aHuman-plant relationships. ‡2fast ‡0(LARL_NWRL_CONSORTIUM)39657 | |
| 650 | 7. | ‡aTrees. ‡2fast ‡0(LARL_NWRL_CONSORTIUM)33001 | |
| 901 | . | ‡a310347 ‡bOCoLC ‡c310347 ‡tbiblio ‡soclc | |

Add to basket
Permalink
Enable Highlighting